States Bush won in 2000 - Statistics

General Stats
  • This quiz has been taken 22 times
  • The average score is 27 of 30
Answer Stats
Electoral Votes (Current) State % Correct
9 Alabama
100%
6 Arkansas
100%
16 Georgia
100%
6 Kansas
100%
8 Louisiana
100%
7 Oklahoma
100%
38 Texas
100%
6 Utah
100%
3 Wyoming
100%
29 Florida
94%
11 Indiana
94%
10 Missouri
94%
3 Montana
94%
3 North Dakota
94%
3 South Dakota
94%
11 Tennessee
94%
3 Alaska
88%
4 Idaho
88%
8 Kentucky
88%
6 Mississippi
88%
5 Nebraska
88%
15 North Carolina
88%
18 Ohio
88%
9 South Carolina
88%
13 Virginia
88%
5 West Virginia
88%
11 Arizona
82%
9 Colorado
76%
6 Nevada
76%
4 New Hampshire
71%
No matching quizzes found
Score Distribution
Percent of People with Each Score
Percentile by Number Answered
Your Score History
You have not taken this quiz